[Event "BL2-Nord 2122"]
[Site "Germany"]
[Date "2022.03.05"]
[Round "1.7"]
[White "Bach, Matthias"]
[Black "Merkert, Maximilian"]
[Result "1-0"]
[WhiteElo "2223"]
[BlackElo "2211"]
[PlyCount "165"]
[EventDate "2022.03.05"]
[EventType "team-tourn"]
[EventRounds "10"]
[EventCountry "GER"]
[SourceTitle "EXT 2023"]
[Source "ChessBase"]
[SourceDate "2022.10.05"]
[SourceVersion "1"]
[SourceVersionDate "2022.10.05"]
[SourceQuality "1"]
[WhiteTeam "Werder Bremen II"]
[BlackTeam "Magdeburg"]
[WhiteTeamCountry "GER"]
[BlackTeamCountry "GER"]

1. d4 Nc6 2. f4 f5 3. c4 Nf6 4. Nc3 e6 5. Nf3 Bb4 6. Bd2 b6 7. e3 Bb7 8. Bd3 Ne7 9. 0-0 0-0 10. Qe2 Kh8 11. Rad1 Nc8 12. Be1 Nd6 13. Nb5 Bxe1 14. Nxd6 cxd6 15. Rfxe1 Be4 16. d5 exd5 17. cxd5 Qe7 18. Nd4 g6 19. Nb5 Rfc8 20. Nc3 Re8 21. Ba6 Rg8 22. Rd4 Rae8 23. Bd3 Bxd3 24. Qxd3 Ng4 25. g3 Nf6 26. e4 fxe4 27. Nxe4 Qg7 28. Re2 Nxe4 29. Rdxe4 Rxe4 30. Qxe4 Rf8 31. Kg2 Qf7 32. h4 h5 33. Kh2 Rc8 34. b4 Kg8 35. a4 Kf8 36. Qd4 Kg8 37. a5 bxa5 38. bxa5 a6 39. Qd3 Ra8 40. Rf2 Qf5 41. Qxf5 gxf5 42. Rb2 Kf7 43. Rb6 Ke7 44. Kg2 Rc8 45. Rxa6 Rc5 46. Ra8 Rxd5 47. a6 Ra5 48. Rh8 Rxa6 49. Rxh5 Ke6 50. Rg5 Ra2+ 51. Kf3 Ra3+ 52. Ke2 Ra2+ 53. Kd3 Ra3+ 54. Kd4 Ra4+ 55. Kc3 Ra1 56. Rg6+ Kd5 57. h5 Ke4 58. Rxd6 Rh1 59. h6 Rc1+ 60. Kd2 Rh1 61. Ke2 Rh2+ 62. Kf1 Kf3 63. Kg1 Rh5 64. Rd3+ Ke4 65. Rxd7 Kf3 66. Rd3+ Ke4 67. Ra3 Rxh6 68. Kg2 Rh8 69. Ra5 Rf8 70. Re5+ Kd4 71. Kf3 Rf7 72. g4 fxg4+ 73. Kxg4 Rf8 74. Re6 Rg8+ 75. Kf5 Kd5 76. Ra6 Rf8+ 77. Kg5 Rg8+ 78. Rg6 Re8 79. f5 Ke5 80. Rg7 Kd6 81. Kg6 Re1 82. Ra7 Rg1+ 83. Kf6 1-0

[Event "BL2-Nord 1920"]
[Site "Germany"]
[Date "2019.11.24"]
[Round "4.7"]
[White "Trenner, Rolf"]
[Black "Merkert, Maximilian"]
[Result "1/2-1/2"]
[WhiteElo "2183"]
[BlackElo "2248"]
[PlyCount "140"]
[EventDate "2019.10.19"]
[EventType "team-tourn"]
[EventRounds "9"]
[EventCountry "GER"]
[SourceTitle "CBM 194 Extra"]
[Source "ChessBase"]
[SourceDate "2020.03.31"]
[SourceVersion "1"]
[SourceVersionDate "2020.03.31"]
[SourceQuality "1"]
[WhiteTeam "Potsdam Empor"]
[BlackTeam "Magdeburg"]
[WhiteTeamCountry "GER"]
[BlackTeamCountry "GER"]

1. d4 f5 2. c4 Nf6 3. g3 g6 4. Bg2 Bg7 5. Nc3 0-0 6. Nh3 d6 7. 0-0 Na6 8. f3 e5 9. e3 c6 10. b3 Re8 11. Nf2 Be6 12. Bb2 Qe7 13. Qd2 Bf7 14. Rfe1 Rad8 15. Rad1 Rd7 16. Qc1 Bh6 17. f4 e4 18. g4 Nxg4 19. Nxg4 fxg4 20. Nxe4 d5 21. Nf2 Qh4 22. Nd3 Be6 23. Ne5 Rdd8 24. Qd2 Bg7 25. Qe2 Bf5 26. cxd5 cxd5 27. Rc1 Be6 28. Rf1 Qe7 29. Rc3 Bxe5 30. dxe5 Nb8 31. Rd1 Nc6 32. Rcd3 Qf7 33. Ba3 d4 34. Bxc6 bxc6 35. Rxd4 Rd5 36. Bd6 h5 37. Rxd5 cxd5 38. Rc1 Rc8 39. Rxc8+ Bxc8 40. Qb5 Bf5 41. Qb8+ Kh7 42. e6 Bxe6 43. Be5 g5 44. fxg5 Kg6 45. Bf6 Qd7 46. Qh8 Qh7 47. Qe8+ Qf7 48. Qc6 Qd7 49. Qc3 Qc8 50. Qd3+ Bf5 51. Qxd5 Qc1+ 52. Kf2 Qc2+ 53. Ke1 Qc1+ 54. Ke2 Qc2+ 55. Qd2 Qe4 56. Qd6 Qc2+ 57. Ke1 Qb1+ 58. Kf2 Qxa2+ 59. Bb2+ Kf7 60. g6+ Ke8 61. Qe5+ Kd8 62. Qf6+ Kc7 63. g7 Be6 64. Qe5+ Kb7 65. b4 Qd5 66. Qf6 h4 67. Bd4 Qa2+ 68. Bb2 Qd5 69. Bd4 Qa2+ 70. Bb2 Qd5 1/2-1/2

[Event "Oberliga Ost-A 1819"]
[Site "Germany"]
[Date "2019.04.06"]
[Round "10.5"]
[White "Mader, Joerg"]
[Black "Merkert, Maximilian"]
[Result "1/2-1/2"]
[WhiteElo "2096"]
[BlackElo "2249"]
[PlyCount "77"]
[EventDate "2018.10.21"]
[EventType "team-tourn"]
[EventRounds "11"]
[EventCountry "GER"]
[SourceTitle "EXT 2020"]
[Source "ChessBase"]
[SourceDate "2019.10.17"]
[SourceVersion "1"]
[SourceVersionDate "2019.10.17"]
[SourceQuality "1"]
[WhiteTeam "Leipzig VfB"]
[BlackTeam "Magdeburg Aufbau Elbe"]
[WhiteTeamCountry "GER"]
[BlackTeamCountry "GER"]

1. d4 f5 2. c4 Nf6 3. Nc3 d6 4. Nf3 g6 5. g3 Bg7 6. Bg2 0-0 7. 0-0 Qe8 8. Bg5 c6 9. Qc1 e5 10. dxe5 dxe5 11. Bh6 e4 12. Nd4 Qe5 13. Rd1 Nbd7 14. Bxg7 Kxg7 15. f4 Qe7 16. b4 Re8 17. c5 Nf8 18. e3 Ne6 19. Qb2 Nxd4 20. Rxd4 Be6 21. a3 Rad8 22. Rad1 Rxd4 23. Rxd4 Rd8 24. Ne2 Kf7 25. Bf1 a6 26. Qd2 Rd5 27. Nc3 Rd7 28. Nd1 Qd8 29. Nb2 Rxd4 30. Qxd4 Qxd4 31. exd4 Ke7 32. Nc4 Bxc4 33. Bxc4 Nd5 34. Kf2 Nc7 35. a4 Kf6 36. h4 h5 37. Ke2 Ke7 38. Ke1 Kf6 39. Ke2 1/2-1/2

[Event "Oberliga Ost-A 1819"]
[Site "Germany"]
[Date "2018.12.16"]
[Round "5.7"]
[White "Merkert, Maximilian"]
[Black "Perekhozhuk, Maksym"]
[Result "1-0"]
[WhiteElo "2249"]
[BlackElo "1980"]
[PlyCount "45"]
[EventDate "2018.10.21"]
[EventType "team-tourn"]
[EventRounds "11"]
[EventCountry "GER"]
[SourceTitle "EXT 2020"]
[Source "ChessBase"]
[SourceDate "2019.10.17"]
[SourceVersion "1"]
[SourceVersionDate "2019.10.17"]
[SourceQuality "1"]
[WhiteTeam "Magdeburg Aufbau Elbe"]
[BlackTeam "Halle USV"]
[WhiteTeamCountry "GER"]
[BlackTeamCountry "GER"]

1. c4 c5 2. g3 Nf6 3. Bg2 d5 4. cxd5 Nxd5 5. Nc3 Nc7 6. Nf3 Nc6 7. 0-0 e5 8. a3 Be7 9. b4 a6 10. bxc5 Bxc5 11. Bb2 0-0 12. Ne4 Bd4 13. Nxd4 Nxd4 14. e3 Nc6 15. Rc1 Bf5 16. Nc5 Qc8 17. Nxb7 Qxb7 18. Bxe5 Bd7 19. Qc2 Nb5 20. Bxc6 Bxc6 21. Qxc6 Qe7 22. Bb2 Nxa3 23. Qc3 1-0

[Event "BL2-Ost 1718"]
[Site "Germany"]
[Date "2018.02.03"]
[Round "7.6"]
[White "Merkert, Maximilian"]
[Black "Pierecker, Markus"]
[Result "1/2-1/2"]
[WhiteElo "2254"]
[BlackElo "2180"]
[PlyCount "95"]
[EventDate "2017.10.21"]
[EventType "team-tourn"]
[EventRounds "10"]
[EventCountry "GER"]
[SourceTitle "CBM 183 Extra"]
[Source "ChessBase"]
[SourceDate "2018.04.19"]
[SourceVersion "1"]
[SourceVersionDate "2018.04.19"]
[SourceQuality "1"]
[WhiteTeam "Erlangen"]
[BlackTeam "Weilheim"]
[WhiteTeamCountry "GER"]
[BlackTeamCountry "GER"]

1. c4 Nf6 2. g3 e6 3. Bg2 d5 4. Nf3 c5 5. 0-0 Nc6 6. e3 Be7 7. b3 0-0 8. Bb2 b6 9. Nc3 Bb7 10. cxd5 Nxd5 11. Nxd5 Qxd5 12. d4 Rfd8 13. Ne5 Qd6 14. Qh5 Nxe5 15. Bxb7 Rab8 16. Be4 Ng6 17. Ba3 Qd7 18. dxc5 Qb5 19. Bb2 Qxc5 20. Qxc5 Bxc5 21. Rfd1 f6 22. Kf1 Kf7 23. Ke2 Ke7 24. h4 Nf8 25. Rac1 Rxd1 26. Rxd1 Rc8 27. Rc1 Rc7 28. g4 g6 29. Bd3 Nd7 30. g5 f5 31. h5 e5 32. hxg6 hxg6 33. Rh1 Bd6 34. Rh7+ Kf8 35. Rh8+ Kg7 36. Rh1 Nc5 37. f4 Nxd3 38. Kxd3 Re7 39. Rc1 Kf7 40. fxe5 Bxe5 41. Bxe5 Rxe5 42. Rh1 Re7 43. Rh8 Rd7+ 44. Kc4 Ke6 45. Re8+ Kf7 46. Rh8 Ke6 47. Re8+ Kf7 48. Rh8 1/2-1/2

[Event "BL2-Ost 1718"]
[Site "Germany"]
[Date "2017.12.09"]
[Round "5.6"]
[White "Koepke, Christian"]
[Black "Merkert, Maximilian"]
[Result "1-0"]
[WhiteElo "2290"]
[BlackElo "2254"]
[PlyCount "89"]
[EventDate "2017.10.21"]
[EventType "team-tourn"]
[EventRounds "10"]
[EventCountry "GER"]
[SourceTitle "CBM 183 Extra"]
[Source "ChessBase"]
[SourceDate "2018.04.19"]
[SourceVersion "1"]
[SourceVersionDate "2018.04.19"]
[SourceQuality "1"]
[WhiteTeam "Garching"]
[BlackTeam "Erlangen"]
[WhiteTeamCountry "GER"]
[BlackTeamCountry "GER"]

1. e4 Nc6 2. d4 e5 3. Nf3 exd4 4. Nxd4 Qf6 5. Nb5 Bc5 6. Qe2 Kd8 7. N1c3 Nge7 8. Na4 Bb4+ 9. Bd2 a6 10. Bxb4 axb5 11. Bxe7+ Qxe7 12. Nc3 b4 13. Nd5 Qe5 14. Qe3 Re8 15. Bd3 Ne7 16. Nxe7 Rxe7 17. 0-0 d6 18. b3 Ra5 19. f4 Qc3 20. Qg3 g6 21. Rad1 Ke8 22. a4 Kf8 23. f5 Qe5 24. Qh4 Qd4+ 25. Kh1 gxf5 26. Bb5 Qxe4 27. Qxh7 Qe5 28. Rde1 Qf6 29. Rxe7 Kxe7 30. Qg8 Qe6 31. Qe8+ Kf6 32. Qd8+ Kg7 33. Qxc7 Ra8 34. Bd3 Qf6 35. Qb6 Be6 36. Qxb7 Rh8 37. Qxb4 Qe5 38. Qf4 Qf6 39. Bxf5 Rh4 40. Qg3+ Kh8 41. Bd3 Qe7 42. Rf4 Rh5 43. h3 Rg5 44. Qh4+ Kg7 45. Bf5 1-0

[Event "BL2-Ost 1617"]
[Site "Germany"]
[Date "2017.03.19"]
[Round "9.5"]
[White "Wall, Gavin"]
[Black "Merkert, Maximilian"]
[Result "1-0"]
[WhiteElo "2349"]
[BlackElo "2229"]
[PlyCount "75"]
[EventDate "2016.10.14"]
[EventType "team-tourn"]
[EventRounds "10"]
[EventCountry "GER"]
[SourceTitle "CBM 177 Extra"]
[Source "ChessBase"]
[SourceDate "2017.04.27"]
[SourceVersion "1"]
[SourceVersionDate "2017.04.27"]
[SourceQuality "1"]
[WhiteTeam "Bindlach"]
[BlackTeam "Erlangen"]
[WhiteTeamCountry "GER"]
[BlackTeamCountry "GER"]

1. e4 Nc6 2. d4 e5 3. dxe5 Nxe5 4. Nc3 Bc5 5. Be2 d6 6. Na4 Bb4+ 7. c3 Ba5 8. b4 Bb6 9. Nxb6 axb6 10. f4 Ng6 11. Nf3 Nf6 12. Bd3 0-0 13. 0-0 Re8 14. f5 Ne5 15. Nxe5 Rxe5 16. Bf4 Re8 17. Re1 Bd7 18. b5 Ra3 19. Bc1 Ra5 20. a4 Re7 21. Bg5 Qe8 22. Bxf6 gxf6 23. Qg4+ Kh8 24. Qh4 Kg7 25. Rf1 h6 26. Rf3 Qh8 27. c4 Kh7 28. Bc2 Ra8 29. Rh3 Qg7 30. Rg3 Qh8 31. Raa3 d5 32. cxd5 c6 33. Rg4 Qf8 34. Qxf6 Rxe4 35. Bxe4 Qc5+ 36. Kf1 Qc1+ 37. Ke2 Qb2+ 38. Qxb2 1-0

[Event "BL2-Ost 1617"]
[Site "Germany"]
[Date "2017.02.19"]
[Round "8.5"]
[White "Merkert, Maximilian"]
[Black "Doeres, Hans Juergen"]
[Result "1-0"]
[WhiteElo "2229"]
[BlackElo "2207"]
[PlyCount "43"]
[EventDate "2016.10.14"]
[EventType "team-tourn"]
[EventRounds "10"]
[EventCountry "GER"]
[SourceTitle "CBM 177 Extra"]
[Source "ChessBase"]
[SourceDate "2017.04.27"]
[SourceVersion "1"]
[SourceVersionDate "2017.04.27"]
[SourceQuality "1"]
[WhiteTeam "Erlangen"]
[BlackTeam "Forchheim"]
[WhiteTeamCountry "GER"]
[BlackTeamCountry "GER"]

1. c4 e5 2. g3 Nc6 3. Nc3 f5 4. Nf3 Nf6 5. d4 e4 6. Nh4 d5 7. Bg5 dxc4 8. e3 Be7 9. Bxc4 Na5 10. Bxf6 Nxc4 11. Bxg7 Rf8 12. Qa4+ Kf7 13. Bxf8 Nxb2 14. Qb3+ Kxf8 15. Qxb2 a5 16. Ng2 Ra6 17. Nf4 Rb6 18. Qd2 c6 19. Ke2 Ba3 20. Rhb1 Rxb1 21. Rxb1 b6 22. Kf1 1-0

[Event "BL2-Ost 1617"]
[Site "Germany"]
[Date "2016.12.03"]
[Round "5.5"]
[White "Koepke, Elena"]
[Black "Merkert, Maximilian"]
[Result "0-1"]
[WhiteElo "2340"]
[BlackElo "2229"]
[PlyCount "100"]
[EventDate "2016.10.14"]
[EventType "team-tourn"]
[EventRounds "10"]
[EventCountry "GER"]
[SourceTitle "CBM 177 Extra"]
[Source "ChessBase"]
[SourceDate "2017.04.27"]
[SourceVersion "1"]
[SourceVersionDate "2017.04.27"]
[SourceQuality "1"]
[WhiteTeam "Garching"]
[BlackTeam "Erlangen"]
[WhiteTeamCountry "GER"]
[BlackTeamCountry "GER"]

1. e4 Nc6 2. Nf3 d6 3. d4 Nf6 4. Nc3 g6 5. d5 Nb8 6. Bc4 Bg7 7. h3 0-0 8. 0-0 a6 9. a4 a5 10. Re1 Na6 11. Be3 Re8 12. Qd2 e5 13. Bg5 Re7 14. Nh2 Qf8 15. Nb5 b6 16. c3 h6 17. Bh4 g5 18. Bg3 Nh5 19. Be2 Nf4 20. Bg4 f5 21. exf5 Qf7 22. Bxf4 gxf4 23. f6 Bxf6 24. Qd1 Kh8 25. Qf3 Bxg4 26. hxg4 Bg7 27. Nf1 Nc5 28. Nd2 e4 29. Qh3 Qxd5 30. Rad1 Qg5 31. Nd4 d5 32. N2b3 Nxb3 33. Nxb3 c5 34. Nd2 Rae8 35. Re2 Bf6 36. Rde1 c4 37. Nf1 Kh7 38. Rd1 Re5 39. Red2 Rg8 40. Nh2 Be7 41. Qh5 Qxh5 42. gxh5 Rgg5 43. b3 cxb3 44. Rb2 Rxh5 45. Rxb3 Bc5 46. Rb2 Rhg5 47. Kf1 Kg7 48. Re2 Rh5 49. Kg1 Reg5 50. Kh1 f3 0-1

[Event "BL2-Ost 1617"]
[Site "Germany"]
[Date "2016.11.19"]
[Round "3.5"]
[White "Merkert, Maximilian"]
[Black "Stankovic, Milos"]
[Result "1/2-1/2"]
[WhiteElo "2229"]
[BlackElo "2401"]
[PlyCount "117"]
[EventDate "2016.10.14"]
[EventType "team-tourn"]
[EventRounds "10"]
[EventCountry "GER"]
[SourceTitle "CBM 177 Extra"]
[Source "ChessBase"]
[SourceDate "2017.04.27"]
[SourceVersion "1"]
[SourceVersionDate "2017.04.27"]
[SourceQuality "1"]
[WhiteTeam "Erlangen"]
[BlackTeam "Goeggingen"]
[WhiteTeamCountry "GER"]
[BlackTeamCountry "GER"]

1. c4 Nf6 2. g3 g6 3. Bg2 d5 4. cxd5 Nxd5 5. Nc3 Nb6 6. d3 Bg7 7. Be3 Nc6 8. Rc1 Nd4 9. Qd2 Nf5 10. Bc5 c6 11. Nf3 0-0 12. 0-0 Nd7 13. Ba3 Re8 14. Rfd1 Qb6 15. Na4 Qa6 16. Qc2 Rb8 17. d4 Nd6 18. Bb4 Nb6 19. Nc5 Qb5 20. Be1 Nd7 21. e4 Qb6 22. a4 Nf8 23. Ne5 Qc7 24. Ncd3 Ne6 25. Nc5 Nxd4 26. Rxd4 Bxe5 27. Rdd1 Bg7 28. b4 b6 29. Nd3 Bb7 30. Bc3 e5 31. Bd2 Qe7 32. f3 Ba6 33. Nb2 c5 34. bxc5 bxc5 35. Be3 Nb7 36. Nc4 Red8 37. Bf1 Qe6 38. Na3 Bxf1 39. Kxf1 Qa6+ 40. Qc4 Qf6 41. Qe2 Rbc8 42. Kg2 Qc6 43. Qb5 Qc7 44. Qa6 Bf8 45. Rxd8 Nxd8 46. Nb5 Qc6 47. Qxc6 Rxc6 48. Nxa7 Ra6 49. Nb5 Rxa4 50. Bxc5 Ra2+ 51. Kg1 Bh6 52. Rb1 Ne6 53. Bf2 Ng5 54. Kg2 Bf8 55. h4 Bc5 56. Rf1 Ne6 57. Kg1 Rb2 58. Bxc5 Nxc5 59. Nc7 1/2-1/2

[Event "Oberliga Bayern 1516"]
[Site "Bayern"]
[Date "2016.03.13"]
[Round "8.5"]
[White "Merkert, Maximilian"]
[Black "Hilge, Andreas"]
[Result "1-0"]
[WhiteElo "2242"]
[BlackElo "2143"]
[PlyCount "125"]
[EventDate "2015.10.11"]
[EventType "team-tourn"]
[EventRounds "9"]
[EventCountry "GER"]
[SourceTitle "EXT 2018"]
[Source "ChessBase"]
[SourceDate "2017.10.13"]
[SourceVersion "1"]
[SourceVersionDate "2017.10.13"]
[SourceQuality "1"]
[WhiteTeam "Erlangen SC"]
[BlackTeam "Kareth Lappersdorf"]
[WhiteTeamCountry "GER"]
[BlackTeamCountry "GER"]

1. c4 e5 2. g3 d6 3. Bg2 g6 4. Nc3 Bg7 5. e4 Nf6 6. d3 0-0 7. Nge2 Bg4 8. h3 Bxe2 9. Qxe2 Nbd7 10. 0-0 Re8 11. Be3 Nf8 12. f4 c6 13. Qf2 a6 14. f5 gxf5 15. Qxf5 Qd7 16. Bg5 Qxf5 17. Rxf5 N6d7 18. Raf1 f6 19. Be3 Ne6 20. h4 Ndc5 21. Rd1 b5 22. b4 Nd7 23. Rf2 Kf7 24. a4 bxa4 25. Ra2 a5 26. b5 Ndc5 27. bxc6 Rec8 28. Bh3 Rxc6 29. Bxe6+ Kxe6 30. Bxc5 dxc5 31. Rb1 Rd8 32. Nd5 Rd7 33. Rxa4 Ra7 34. Rb5 Rca6 35. Rxc5 Kd6 36. Rb5 Kc6 37. Kf2 Bf8 38. Ke2 Bc5 39. g4 h5 40. Nxf6 hxg4 41. Nxg4 Kd6 42. Nh6 Bb4 43. Nf5+ Ke6 44. d4 exd4 45. Kd3 Kf6 46. Kxd4 Rc6 47. Ne3 Rd7+ 48. Nd5+ Kg6 49. Ra2 Be1 50. c5 Kh5 51. Rb6 Rc8 52. Rd6 Rf7 53. c6 Bf2+ 54. Kc4 Bg3 55. Re6 Kxh4 56. Ne7 Rxe7 57. Rxe7 Rxc6+ 58. Kd5 Rd6+ 59. Kc5 Rh6 60. Rg7 Re6 61. Rg2 Bd6+ 62. Kd5 Rh6 63. e5 1-0

[Event "Oberliga Bayern 1516"]
[Site "Bayern"]
[Date "2015.12.13"]
[Round "4.5"]
[White "Merkert, Maximilian"]
[Black "Reich, Thomas"]
[Result "1/2-1/2"]
[WhiteElo "2242"]
[BlackElo "2311"]
[PlyCount "217"]
[EventDate "2015.10.11"]
[EventType "team-tourn"]
[EventRounds "9"]
[EventCountry "GER"]
[SourceTitle "EXT 2018"]
[Source "ChessBase"]
[SourceDate "2017.10.13"]
[SourceVersion "1"]
[SourceVersionDate "2017.10.13"]
[SourceQuality "1"]
[WhiteTeam "Erlangen SC"]
[BlackTeam "Bayern Muenchen II"]
[WhiteTeamCountry "GER"]
[BlackTeamCountry "GER"]

1. c4 Nf6 2. g3 g6 3. Bg2 Bg7 4. Nc3 0-0 5. e4 d6 6. Nge2 c5 7. 0-0 Nc6 8. d3 Bg4 9. f3 Bd7 10. Be3 Ne8 11. Rc1 Nc7 12. d4 cxd4 13. Nxd4 Nxd4 14. Bxd4 Bxd4+ 15. Qxd4 Ne6 16. Qe3 Qb6 17. Nd5 Qxe3+ 18. Nxe3 Bc6 19. Rfd1 a5 20. b3 Nc5 21. Rc3 Rfd8 22. Rc2 Kf8 23. Rcd2 Rdb8 24. Bf1 Ra6 25. Nc2 Rb6 26. Bh3 Ra8 27. Rd4 Na6 28. Rb1 Nb4 29. Nxb4 axb4 30. Rb2 Rba6 31. Rdd2 Ra5 32. Bf1 g5 33. Bd3 e6 34. Kf2 Ke7 35. Bb1 e5 36. Ke3 Bd7 37. Rd1 Be6 38. Rc1 Rc5 39. Kd2 h5 40. Bd3 f6 41. Rf1 Rca5 42. Bb1 Ra3 43. Rf2 Rh8 44. Bd3 g4 45. f4 h4 46. gxh4 exf4 47. Rxf4 Rxh4 48. Ke3 Ra5 49. Rbf2 Rh6 50. Rd2 b6 51. Rg2 Rh3+ 52. Kd4 Rg5 53. Rff2 Rgh5 54. Be2 R5h4 55. Rg3 Rxh2 56. Rxh2 Rxh2 57. Bxg4 Rxa2 58. Bxe6 Kxe6 59. Rh3 Rd2+ 60. Ke3 Rd1 61. Rf3 Ke7 62. Rh3 Kd7 63. Rf3 Kc7 64. Rh3 Kc6 65. Rf3 Kc7 66. Rh3 Rf1 67. Kd4 Kc6 68. Ke3 f5 69. exf5 Rxf5 70. Kd4 Rf2 71. Rd3 Rf4+ 72. Ke3 Rh4 73. Kd2 Rh2+ 74. Kc1 Rh5 75. Kd2 Kc5 76. Kc2 b5 77. cxb5 d5 78. Rg3 Rh2+ 79. Kc1 Kxb5 80. Rg4 Kc5 81. Rf4 Re2 82. Rh4 Re4 83. Rh2 Kd4 84. Kd2 Rf4 85. Rg2 Rf3 86. Rg4+ Kc5 87. Kc2 Rc3+ 88. Kb2 Re3 89. Kc2 Re2+ 90. Kc1 d4 91. Rg5+ Kc6 92. Rg8 Kd5 93. Rb8 Ke4 94. Rxb4 Ke3 95. Rb8 Re1+ 96. Kb2 d3 97. Re8+ Kd2 98. Rd8 Re5 99. Rh8 Re2 100. Rh1 Ke3+ 101. Kc1 Rc2+ 102. Kd1 Rd2+ 103. Ke1 Rc2 104. Kd1 Rd2+ 105. Ke1 Ra2 106. Rh3+ Kd4 107. Rh8 Ra1+ 108. Kd2 Ra2+ 109. Kd1 1/2-1/2

[Event "Oberliga Bayern 1516"]
[Site "Bayern"]
[Date "2015.11.15"]
[Round "3.5"]
[White "Promyshlyanskiy, Vitaliy"]
[Black "Merkert, Maximilian"]
[Result "1/2-1/2"]
[WhiteElo "2268"]
[BlackElo "2242"]
[PlyCount "98"]
[EventDate "2015.10.11"]
[EventType "team-tourn"]
[EventRounds "9"]
[EventCountry "GER"]
[SourceTitle "EXT 2018"]
[Source "ChessBase"]
[SourceDate "2017.10.13"]
[SourceVersion "1"]
[SourceVersionDate "2017.10.13"]
[SourceQuality "1"]
[WhiteTeam "Nuernberg NT"]
[BlackTeam "Erlangen SC"]
[WhiteTeamCountry "GER"]
[BlackTeamCountry "GER"]

1. e4 Nc6 2. Nc3 Nf6 3. d4 d6 4. f4 e5 5. Nf3 exd4 6. Nxd4 Be7 7. Be2 0-0 8. Be3 Nxd4 9. Bxd4 d5 10. Bxf6 Bxf6 11. Qxd5 Bxc3+ 12. bxc3 Qh4+ 13. g3 Qe7 14. 0-0 Rd8 15. Qg5 Qxg5 16. fxg5 Be6 17. Rab1 Rab8 18. Rfd1 Rxd1+ 19. Rxd1 f6 20. gxf6 gxf6 21. Kf2 Kf7 22. Ke3 Ke7 23. Rd4 b6 24. Kf4 Rg8 25. Bc4 Rg4+ 26. Kf3 Rg8 27. Bxe6 Kxe6 28. Rd5 Rg7 29. Kf4 a5 30. h4 c6 31. Rd8 Rc7 32. Re8+ Kf7 33. Rh8 Ke6 34. Re8+ Kf7 35. Rd8 Ke6 36. h5 Kf7 37. c4 Re7 38. Rd6 Re5 39. g4 Rc5 40. Rd7+ Ke6 41. Rxh7 Rxc4 42. Rb7 b5 43. h6 Rxc2 44. h7 Rh2 45. Rc7 Kd6 46. Ra7 Ke6 47. Rc7 Kd6 48. Rg7 Ke6 49. Rc7 Kd6 1/2-1/2

[Event "Oberliga Bayern 1516"]
[Site "Bayern"]
[Date "2015.10.11"]
[Round "1.4"]
[White "Hoefelsauer, Thomas"]
[Black "Merkert, Maximilian"]
[Result "0-1"]
[WhiteElo "2297"]
[BlackElo "2242"]
[PlyCount "140"]
[EventDate "2015.10.11"]
[EventType "team-tourn"]
[EventRounds "9"]
[EventCountry "GER"]
[SourceTitle "EXT 2018"]
[Source "ChessBase"]
[SourceDate "2017.10.13"]
[SourceVersion "1"]
[SourceVersionDate "2017.10.13"]
[SourceQuality "1"]
[WhiteTeam "Muenchen Suedost"]
[BlackTeam "Erlangen SC"]
[WhiteTeamCountry "GER"]
[BlackTeamCountry "GER"]

1. Nf3 Nc6 2. c4 e5 3. Nc3 Nf6 4. d4 exd4 5. Nxd4 Bc5 6. Nxc6 bxc6 7. g3 0-0 8. Bg2 a5 9. 0-0 Ra6 10. b3 d6 11. Qd3 Ng4 12. Bb2 Ne5 13. Qd2 Ba7 14. Na4 c5 15. Rfd1 Qe8 16. Qd5 Nd7 17. Qh5 Ne5 18. h3 f6 19. Qxe8 Rxe8 20. e3 Nc6 21. Nc3 Bd7 22. Nb5 Bb8 23. Rd2 Nd8 24. a4 Bc6 25. Bc3 Bxg2 26. Kxg2 Nc6 27. Rad1 Kf7 28. g4 Re7 29. h4 Ba7 30. g5 Bb6 31. gxf6 gxf6 32. Kf3 Ra8 33. Rg1 Re6 34. Rdd1 Rg8 35. Rxg8 Kxg8 36. Kf4 Kf7 37. Bb2 Ne7 38. h5 c6 39. Nc3 Bc7 40. Kf3 Nf5 41. Ne2 Re8 42. Ng3 Nxg3 43. fxg3 f5 44. Ba3 Kf6 45. Ke2 Rb8 46. Rb1 Kg5 47. Kf3 Kxh5 48. Bc1 Re8 49. Ba3 Kg6 50. Kf2 Bb6 51. Rd1 Rd8 52. Bb2 d5 53. Be5 Rd7 54. Rd3 Kf7 55. Ke2 Ke6 56. Bf4 Bc7 57. Kf3 Be5 58. Rd1 Bxf4 59. Kxf4 Rg7 60. cxd5+ cxd5 61. Rh1 Rg4+ 62. Kf3 Rb4 63. Rxh7 Rxb3 64. Ra7 d4 65. Rxa5 Rxe3+ 66. Kf4 Kd5 67. Ra8 Ra3 68. a5 Kc4 69. a6 Kd3 70. Kxf5 c4 0-1

[Event "Oberliga Bayern 1415"]
[Site "Germany"]
[Date "2015.03.15"]
[Round "8.5"]
[White "Merkert, Maximilian"]
[Black "Promyshlyanskiy, Vitaliy"]
[Result "0-1"]
[WhiteElo "2177"]
[BlackElo "2208"]
[PlyCount "184"]
[EventDate "2014.10.19"]
[EventType "team-tourn"]
[EventRounds "9"]
[EventCountry "GER"]
[SourceTitle "EXT 2016"]
[Source "ChessBase"]
[SourceDate "2015.10.08"]
[SourceVersion "1"]
[SourceVersionDate "2015.10.08"]
[SourceQuality "1"]
[WhiteTeam "Erlangen"]
[BlackTeam "Nuernberg NT"]
[WhiteTeamCountry "GER"]
[BlackTeamCountry "GER"]

1. c4 Nf6 2. g3 g6 3. Bg2 Bg7 4. Nc3 0-0 5. e4 d6 6. Nge2 c5 7. d3 Nc6 8. 0-0 a6 9. h3 Rb8 10. a4 Ne8 11. Be3 Nc7 12. d4 cxd4 13. Nxd4 Ne6 14. Nde2 Bd7 15. Qb3 Nc5 16. Qd1 Qa5 17. Rb1 Be6 18. Nd5 Bxd5 19. exd5 Nb4 20. b3 Qc7 21. Bd4 Ncd3 22. Bxg7 Kxg7 23. Be4 Nc5 24. Bf3 Ncd3 25. Be4 Nc5 26. Qd4+ Kg8 27. Bf3 Qb6 28. h4 Nd7 29. Qxb6 Nxb6 30. Bg4 f5 31. Bh3 Nd7 32. Nd4 h5 33. Rfe1 Rfe8 34. Re3 Nc5 35. Bf1 Kf7 36. Rbe1 Rbc8 37. f3 Rc7 38. Kf2 Rcc8 39. Ke2 e5 40. dxe6+ Nxe6 41. Nxe6 Rxe6 42. Rxe6 Kxe6 43. Kd2+ Kd7 44. Re3 Rc5 45. Be2 d5 46. Re5 Nc6 47. Rxd5+ Rxd5+ 48. cxd5 Nd4 49. Bd1 Kd6 50. Ke3 Kxd5 51. g4 hxg4 52. fxg4 Ke5 53. h5 fxg4 54. hxg6 Nf5+ 55. Kf2 g3+ 56. Kf3 Kf6 57. a5 Kxg6 58. Bc2 Kf6 59. Be4 Nd6 60. Bd3 Nf5 61. Be4 Nd6 62. Bd3 Ke5 63. Kxg3 Kd4 64. Bh7 Kc3 65. Bg8 Nf5+ 66. Kf4 Ne7 67. Be6 Nc6 68. Ke3 Nxa5 69. b4 Kxb4 70. Kd2 Nb3+ 71. Kd1 a5 72. Bc8 a4 73. Kc2 b5 74. Bd7 Nd4+ 75. Kb2 Ne2 76. Be8 Nc3 77. Bd7 Kc4 78. Be6+ Kb4 79. Bd7 Ne4 80. Be8 Nc5 81. Ka2 Kc4 82. Bf7+ Kc3 83. Bg8 b4 84. Bf7 Kc2 85. Bg6+ Nd3 86. Bf5 Kc3 87. Bg6 Nb2 88. Bh7 Nc4 89. Bg6 b3+ 90. Kb1 Na3+ 91. Ka1 Nc2+ 92. Kb1 a3 0-1

[Event "Landesliga Nord 1314"]
[Site "Bayern"]
[Date "2014.01.19"]
[Round "5.4"]
[White "Van Ginkel, Pieter"]
[Black "Merkert, Maximilian"]
[Result "0-1"]
[WhiteElo "2188"]
[BlackElo "2177"]
[PlyCount "84"]
[EventDate "2013.10.13"]
[EventType "team"]
[EventRounds "9"]
[EventCountry "GER"]
[SourceTitle "EXT 2015"]
[Source "ChessBase"]
[SourceDate "2014.11.20"]
[SourceVersion "1"]
[SourceVersionDate "2014.11.20"]
[SourceQuality "1"]
[WhiteTeam "Nuernberg Sued SW"]
[BlackTeam "Erlangen"]
[WhiteTeamCountry "GER"]
[BlackTeamCountry "GER"]

1. d4 Nc6 2. Nf3 d6 3. e4 Nf6 4. Nc3 g6 5. h3 Bg7 6. Bc4 Nxe4 7. Bxf7+ Kxf7 8. Nxe4 d5 9. Neg5+ Kg8 10. h4 Bg4 11. c3 Qd6 12. Qd3 h6 13. Nh3 Rf8 14. Be3 Rxf3 15. gxf3 Bxf3 16. Bf4 Qe6+ 17. Kd2 Be4 18. Qe2 Qd7 19. f3 Bf5 20. Nf2 Na5 21. b3 e6 22. Be5 Qe7 23. Bxg7 Kxg7 24. Ng4 Nc6 25. b4 h5 26. Ne3 Rf8 27. a3 Qd6 28. Qh2 e5 29. b5 Na5 30. Nxf5+ Rxf5 31. Kc2 Nc4 32. a4 Qf6 33. dxe5 Nxe5 34. Rae1 Rf4 35. Rhf1 Qf5+ 36. Kb3 d4 37. Qe2 Qf7+ 38. c4 Rf5 39. Qe4 Qxc4+ 40. Ka3 Qc3+ 41. Ka2 Nd3 42. Re2 Re5 0-1